header

Breaking down barriers to care (Record no. 163430)

MARC details
000 -LEADER
fixed length control field 02319nam a2200385 a 4500
082 04 - DEWEY DECIMAL CLASSIFICATION NUMBER
Classification number 616.86/506
100 1# - MAIN ENTRY--AUTHOR NAME
Personal name Snyder, John E.
245 10 - TITLE STATEMENT
Title Breaking down barriers to care
260 ## - PUBLICATION, DISTRIBUTION, ETC. (IMPRINT)
Place of publication New York :
Name of publisher Nova Science Publishers,
Year of publication c2010.
300 ## - PHYSICAL DESCRIPTION
Number of Pages xi, 105 p. :
Other physical details ill.
490 1# - SERIES STATEMENT
Series statement Novinka
Series statement Public health in the 21st century
505 0# - FORMATTED CONTENTS NOTE
Formatted contents note Tobacco dependence treastment and culture -- Tobacco dependence treatment and female gender -- Tobacco dependence treatment in adolescents and young adults -- Tobacco dependence treatment in older adults --Tobacco dependence treatment and patient race and ethnicity -- Tobacco dependence treatment and patient sexual orientation -- Tobacco dependence treatment and patient native language -- Tobacco dependence and cultural barriers: conclusions -- Tobacco dependence and systematic barriers -- Tobacco dependence treatment in the urban poor -- Tobacco dependence treatment and the rural poor -- Tobacco dependence treatment in the illiterate -- Tobacco dependence treatment in those with comorbid mental illness -- Tobacco dependence treatment in the under- and uninsured -- Tobacco dependence treatment and systematic barriers: conclusions.
650 #0 - SUBJECT ADDED ENTRY--TOPICAL TERM
Topical Term Smoking.
Topical Term Nicotine addiction
700 1# - ADDED ENTRY--PERSONAL NAME
Personal name Engelen, Megan J.
856 40 - ELECTRONIC LOCATION AND ACCESS
Uniform Resource Identifier http://site.ebrary.com/lib/rucke/Doc?id=10671406

No items available.

© 2026 Rongo University
Contact us: librarian | system librarian | Rongo university